01187cam a22003135a 450000100090000000300090000900500170001800800410003502000180007604000380009408200230013224501010015526400440025630000290030033600260032933700280035533800270038350400510041065000580046165000360051965100100055565300270056565500240059270000320061670000460064894200120069499900170070695201500072318399489EG-ScBUE20220420100707.0141208s2016 enk f b 001 0 eng d a9780415732543 aDLCbengerdacDLCdDLCdEG-ScBUE04222a418.02072bRES00aResearching translation and interpreting /cedited by Claudia V. Angelelli and Brian James Baer. 1aLondon ;aNew York :bRoutledge,c2016. axvii, 291 pages ;c25 cm 2rdacontentatextbtxt 2rdamediaaunmediatedbn 2rdacarrieravolumebnc aIncludes bibliographical references and index. 7aTranslating and interpretingxResearch.2BUEsh941335 7aSociolinguistics.2BUEsh939810 2BUEsh cDecember2016bHHUUEENN vReading book9342321 aBaer, Brian James,qeditor.1 aAngelelli, Claudiaq(Claudia V.)eeditor. 2ddccBB c23550d23522 00102ddc40708AlahramaMAINbMAINc2NDd2016-12-13ePurchaseg343.00l0o418.02072 RESp000040375r2025-07-15 00:00:00v428.75w2016-12-13yBB